Event management / (Record no. 70667)

MARC details
000 -LEADER
fixed length control field 00795nam a22002177a 4500
005 - DATE AND TIME OF LATEST TRANSACTION
control field 20121008144959.0
008 - FIXED-LENGTH DATA ELEMENTS--GENERAL INFORMATION
fixed length control field 121008t xxu||||| |||| 00| 0 eng d
010 ## - LCCN (DPL NO)
LC control number ENG-106044
020 ## - INTERNATIONAL STANDARD BOOK NUMBER
International Standard Book Number 9788182472082
Terms of availability 795.00
035 ## - SYSTEM CONTROL NUMBER
System control number EN-89577
037 ## - SOURCE OF ACQUISITION
Source of stock number/acquisition DBAD / PUB
040 ## - CATALOGING SOURCE
Original cataloging agency dpl
Language of cataloging English
082 ## - DEWEY DECIMAL CLASSIFICATION NUMBER
Classification number 394.2068
100 ## - MAIN ENTRY--PERSONAL NAME
9 (RLIN) 52944
Personal name Mehndiratta, Vaibhav
245 ## - TITLE STATEMENT
Title Event management /
Statement of responsibility, etc by Vaibhav Mehndiratta
260 ## - PUBLICATION, DISTRIBUTION, ETC. (IMPRINT)
Place of publication, distribution, etc Mohali
Name of publisher, distributor, etc Out Line Publisher
Date of publication, distribution, etc 2012
270 ## - ADDRESS
Address S.C.O. 1, Dasmesh Nagar, Opp. Dhilon Farm, Nayagaon, SAS Nagar
City Mohali
300 ## - PHYSICAL DESCRIPTION
Extent 325p.
Dimensions 22cm(Hb)
942 ## - ADDED ENTRY ELEMENTS (KOHA)
Source of classification or shelving scheme Dewey Decimal Classification
Item type English Books
Call number suffix MEH
Classification part 394.2068
Holdings
Withdrawn status Lost status Source of classification or shelving scheme Damaged status Not for loan Collection code Home library Current library Date acquired Source of acquisition Cost, normal purchase price Total Checkouts Full call number Barcode Date last seen Copy number Cost, replacement price Koha item type
    Dewey Decimal Classification   Not For Loan Non-fiction D.B.Act.Division D.B.Act.Division 08/10/2012 DBAD/PUB 795.00   394.2068 MEH EN-89577 08/10/2012 1 795.00 English Books

© Delhi Public Library
Hit Counter
free hit counter